000 01334nam a2200397 i 4500
001 vtls000894138
003 PNM
005 20210414142900.0
008 191231t20202020my e a001 0 may
015 _aM201-00747
020 _a9789674881276
_qpaperback
_cRM56.00
039 9 _a202007130921
_birfah
_c202007091523
_dhisyamuddin_m
_c202004071328
_dfatin_e
_c202003041140
_dain
040 _aBNM
_beng
_cBNM
_dPNM
_dPPAK
_erda
049 _amal
082 0 4 _a956.94054
_223
090 0 0 _a956.94054
_bMRM
_dG
100 0 _aMohd. Roslan Mohd. Nor,
_eauthor.
245 1 0 _aKONFLIK GAZA DAN MISI KEMANUSIAAN FREEDOM FLOTILLA /
_cMohd Roslan Mohd Nor, Ruzanah Mohd Rozi
264 1 _aKUALA LUMPUR :
_bPenerbit Universiti Malaya,
_c2020
264 4 _c©2020
300 _axv, 160 pages ;
_c23 cm
336 _atext
_2rdacontent
337 _aunmediated
_2rdamedia
338 _avolume
_2rdacarrier
500 _aIncludes index
504 _aBibliography: pages 149-157
650 1 0 _aGaza War, 2008-2009
650 2 0 _aArab-Israeli conflict
_y1993-
650 2 0 _aHumanitarianism
650 2 0 _aGovernment publications
_zMalaysia
700 0 _aRuzanah Mohd. Rozi,
_eauthor.
942 _2ddc
_cB
949 _62000718651
_a956.94054 MRM D
949 _62000718650
_a956.94054 MRM D
949 _61001346393
_a956.94054 MRM D
_e2672221
999 _c181417
_d181417